00470nam a22001455i 4500001000700000003000900007005001700016008004100033040002500074100003500099245004100134260007400175300002700249852004800276166044ES-MaACL20250724063435.0981002s1895 fr |||| | fre d aGA bspa cCCPB | 3D1 aTarde, Gabriel de, d1843-190413aLa logique sociale / cpar G. Tarde. aParis : bFélix Alcan, c1895 (eTours : fimp. E. Arrault et Cie.) aXIV, 464 p. ; c22 cm. aES-MaACLjB-5596 z-- Enc. pasta española